Online Catalogue and eLibrary

Family - relationship : (Record no. 5844)

MARC details
000 -LEADER
fixed length control field 00246nam a2200097Ia 4500
008 - FIXED-LENGTH DATA ELEMENTS--GENERAL INFORMATION
fixed length control field 240331s9999 xx 000 0 und d
082 ## - DDC Classification
Item Number - Author Mark VAI
100 ## - MAIN ENTRY--PERSONAL NAME
Personal name Vaitheeswaran, K.
245 #0 - TITLE STATEMENT
Title Family - relationship :
Remainder of title guide for prosperous life
942 ## - Koha item type (Biblio)
Koha item type Books in Stacks (Lending)

No items available.

© WERC Library